| 000 | 01316nam a2200241Ia 4500 | ||
|---|---|---|---|
| 003 | OSt | ||
| 005 | 20260606120754.0 | ||
| 008 | 210210b2000 xxu||||| |||| 00| 0 eng d | ||
| 040 | _cAL | ||
| 041 | _aKannada | ||
| 082 | _a398.2K KALG | ||
| 100 |
_aKALEGAUDA NAGAVARA mattu AMBALIKE HIRIYANNA. _dಕಾಳೇಗೌಡ ನಾಗವಾರ ಮತ್ತು ಅಂಬಳಿಕೆ ಹಿರಿಯಣ್ಣ _9265428 |
||
| 245 |
_aJeeshampa avara janapada barahagalu _bಜೀಶಂಪ ಅವರ ಜಾನಪದ ಬರಹಗಳು |
||
| 260 |
_aBengaluru. _bKarnataka Janapada mattu Yakshagana Akademi., _c2000 |
||
| 300 | _axix,593 | ||
| 520 | _bಖ್ಯಾತ ಜಾನಪದ ತಜ್ಞರಾದ ಜೀ. ಶಂ. ಪರಮಶಿವಯ್ಯ (ಜೀಶಂಪ) ಅವರ ಮಹತ್ವದ ಜಾನಪದ ಲೇಖನಗಳು, ಸಂಶೋಧನೆಗಳು ಮತ್ತು ಬರಹಗಳ ಒಂದು ಸಮಗ್ರ ಸಂಕಲನ | ||
| 650 |
_aಜಾನಪದ ಅಧ್ಯಯನ / ಸಂಶೋಧನಾತ್ಮಕ ಲೇಖನಗಳು _9265429 |
||
| 650 |
_aಜೀವರಹಳ್ಳಿ ಶಂಕರೇಗೌಡ ಪರಮಶಿವಯ್ಯ/PARAMASHIVAYYA (G Sham), _9265431 |
||
| 650 |
_aJeerahalli Shamkaragowda Paramashivayya _9265432 |
||
| 690 |
_aFolklore _9265430 |
||
| 906 | _a057751 | ||
| 942 |
_2ddc _cBK |
||
| 999 |
_c104948 _d104948 |
||